| 000 | 00770nam a2200301 a 4500 | ||
|---|---|---|---|
| 003 | AR-BaBNM | ||
| 005 | 20251128205208.0 | ||
| 008 | 082120s2002 ||||||||||||||000 | spa|| | ||
| 020 | _a950-04-1141-5 | ||
| 040 | _cAR-BaBNM | ||
| 100 | 1 | _aZorrilla, Rubén H. | |
| 245 | 0 | 0 | _aPrincipios y leyes de la sociología |
| 250 | _a1ª ed. | ||
| 260 |
_aBuenos Aires _bEmecé _c1992 |
||
| 300 |
_a569 p. _bgráfs. |
||
| 504 | _aContiene bibliografía para consultar p. 553-564 | ||
| 650 | 4 | _aSOCIOLOGIA | |
| 650 | 4 | _aSOCIEDAD | |
| 650 | 4 | _aCAMBIO SOCIAL | |
| 650 | 4 | _aBIENESTAR SOCIAL | |
| 650 | 4 | _aHISTORIA SOCIAL | |
| 650 | 4 | _aMEDIO SOCIAL | |
| 650 | 4 | _aGRUPOS | |
| 650 | 4 | _aESTRUCTURA SOCIAL | |
| 650 | 4 | _aMEDIO HUMANO | |
| 942 | _cBK | ||
| 998 | _cCarmen | ||
| 999 |
_c10397 _d10397 |
||